<?xml version="1.0" encoding="UTF-8"?>
<record
    xmlns:xsi="http://www.w3.org/2001/XMLSchema-instance"
    xsi:schemaLocation="http://www.loc.gov/MARC21/slim http://www.loc.gov/standards/marcxml/schema/MARC21slim.xsd"
    xmlns="http://www.loc.gov/MARC21/slim">

  <leader>01788nam a22002057a 4500</leader>
  <controlfield tag="005">20250409120059.0</controlfield>
  <controlfield tag="008">250329b        |||||||| |||| 00| 0 eng d</controlfield>
  <datafield tag="020" ind1=" " ind2=" ">
    <subfield code="a">9783836505628</subfield>
  </datafield>
  <datafield tag="041" ind1=" " ind2=" ">
    <subfield code="a">Eng</subfield>
  </datafield>
  <datafield tag="082" ind1=" " ind2=" ">
    <subfield code="a">700</subfield>
    <subfield code="b">ELG</subfield>
  </datafield>
  <datafield tag="100" ind1=" " ind2=" ">
    <subfield code="a">Elger Dietmar</subfield>
    <subfield code="9">211791</subfield>
  </datafield>
  <datafield tag="245" ind1=" " ind2=" ">
    <subfield code="a">Dadaism</subfield>
  </datafield>
  <datafield tag="260" ind1=" " ind2=" ">
    <subfield code="b">Taschen</subfield>
    <subfield code="c">2022</subfield>
  </datafield>
  <datafield tag="300" ind1=" " ind2=" ">
    <subfield code="a">95</subfield>
  </datafield>
  <datafield tag="365" ind1=" " ind2=" ">
    <subfield code="b">1359.00</subfield>
    <subfield code="c">Rs.00</subfield>
  </datafield>
  <datafield tag="520" ind1=" " ind2=" ">
    <subfield code="a">&#x2022;	Before Dada was there, there was Dada
&#x2022;	Hans Arp &#x2013; Relief Dada
Untitles ( Squares arranged to the Laws of Chance
i-picture 
&#x2022;	Johannes Baader &#x2013; The Author of the Book &#x201C;Fourteen Letters of Christ&#x201D; in His Home
The Great Plasto-Dio-Dada -Drama
&#x2022;	Johannes Theodor Baargeld  - The Red king
Venus at the Game of the Kings
&#x2022;	Marcel Duchamp &#x2013; Fountain
L.H.O.Q.Q.
Marcel Duchamp as Rrose Selavy
&#x2022;	Max Ernst &#x2013; Fruit of Long Experience
Little machine Constructed by Minimax dadamax in person
The Chinese Nightingale
&#x2022;	George Grosz &#x2013; The Guilty One Remains Unknown
Daum marries her Pedantic Automation George in May 1920, John Heartfield is very Glad of it (Meta-mech. Construction after Prof. R. Hausmann
&#x2022;	Raoul Hausmann &#x2013; The Art Critic
Tatlin Lives at Home
Mechanical Head (The Spirit of Our Age)
ABCD
&#x2022;	John Heartfield (in collaboration with George Grosz) &#x2013; Sunny Land
Title Picture Der Dada 3
&#x2022;	Hannah Hoch &#x2013; da Dandy
Incision with the Dada Kitchen Knife through Germany&#x2019;s Last Weimar Beer-Belly Cultural Epoch
My Domestic Mottoes
&#x2022;	Francis Picabia &#x2013; Love Parade
&#x2022;	Dada Movement
&#x2022;	Beware: Painting
&#x2022;	Man Ray &#x2013; Clothes Stand Gift
&#x2022;	Kurt Schwitters &#x2013; The Big Sneezes to the Heart 
Untitled (May 191)
Merz Picture 29A. Picture with Flywheel

</subfield>
  </datafield>
  <datafield tag="650" ind1=" " ind2=" ">
    <subfield code="a">Art</subfield>
    <subfield code="9">119074</subfield>
  </datafield>
  <datafield tag="700" ind1=" " ind2=" ">
    <subfield code="a">Grasenick Uta Ed.</subfield>
    <subfield code="9">211793</subfield>
  </datafield>
  <datafield tag="942" ind1=" " ind2=" ">
    <subfield code="c">BK</subfield>
  </datafield>
  <datafield tag="999" ind1=" " ind2=" ">
    <subfield code="c">365823</subfield>
    <subfield code="d">365823</subfield>
  </datafield>
  <datafield tag="952" ind1=" " ind2=" ">
    <subfield code="0">0</subfield>
    <subfield code="1">0</subfield>
    <subfield code="2">ddc</subfield>
    <subfield code="4">0</subfield>
    <subfield code="7">0</subfield>
    <subfield code="a">SOFT</subfield>
    <subfield code="b">SOFT</subfield>
    <subfield code="d">2025-03-27</subfield>
    <subfield code="e">Design Book studio</subfield>
    <subfield code="g">1359.00</subfield>
    <subfield code="i">540</subfield>
    <subfield code="l">0</subfield>
    <subfield code="o">700 ELG</subfield>
    <subfield code="p">SOFT-BK-4386</subfield>
    <subfield code="r">2025-03-29 00:00:00</subfield>
    <subfield code="t">25%</subfield>
    <subfield code="v">1812.00</subfield>
    <subfield code="w">2025-03-18</subfield>
    <subfield code="y">BK</subfield>
  </datafield>
</record>
